000 01281nam2a22002531 4500
001 RU\NLR\INFOCOMM18\1000237425
005 20050126190946.0
035 _a(NLR Aleph) 002427992
090 _a1966908
_c1966908
100 _a20050126d1970 |||y0rusy50 ca
101 0 _arus
102 _aRU
105 _ay |||||||||
200 1 _aНовые типовые локомотивно-вагонные депо для металлургических предприятий
_fЗ.Г. Ремез
210 _d1970
461 0 _1001RU\NLR\INFOCOMM18\1000237352
_12001#$aЧерная металлургия$eОбзор. информ.$hСерия 16$iПромышленный транспорт$fЦНИИ информации и техн.-экон. исслед. черной металлургии$v1970, №1
_91966263
_cМ.
_d1960-
_fЦНИИ информации и техн.-экон. исслед. черной металлургии
_hСерия 16
_iПромышленный транспорт
_oОбзор. информ.
_tЧерная металлургия
_x0135-597X
_v1970, №1
700 1 _aРемез
_bЗ. Г.
_4070
801 0 _aRU
_bNLR
_gPSBO
801 1 _aRU
_bInfoComm
_c20050126
852 _aNLR
_jП11/1946
942 _cISSUE
980 _aNB
980 _aRUSPER